Royal Houses of the World - Statistics

General Stats
  • This quiz has been taken 44 times
  • The average score is 9 of 27
Answer Stats
Country Answer % Correct
UK + Commonwealth House of Windsor
97%
Spain House of Bourbon
67%
Netherlands House of Orange-Nassau
62%
Saudi Arabia House of Saud
62%
Denmark House of Glücksburg
56%
Norway House of Glücksburg
56%
Liechtenstein House of Liechtenstein
51%
Sweden House of Bernadotte
49%
Monaco House of Grimaldi
46%
Luxembourg House of Luxembourg-Nassau
46%
Jordan Hashemite Dynasty
38%
Belgium House of Belgium
33%
Bhutan Wangchuk Dynasty
26%
Cambodia House of Norodom
23%
Qatar House of Thani
23%
Bahrain House of Khalifa
21%
Morocco Alawi Dynasty
18%
Thailand Chakri Dynasty
18%
Brunei House of Bolkiah
18%
Kuwait House of Sabah
18%
Japan Imperial House of Japan
18%
Oman House of Busaid
15%
Eswatini House of Dlamini
15%
UAE House of Nahyan
15%
Lesotho House of Seeiso
13%
Tonga Tupou Dynasty
13%
Malaysia House of Temenggong
5%
No matching quizzes found
Score Distribution
Percent of People with Each Score
Percentile by Number Answered
Your Score History
You have not taken this quiz